| 000 | 00631cam a22002293a 4500 | ||
|---|---|---|---|
| 001 | 9652 | ||
| 003 | PGUSA | ||
| 005 | 20140828083214.0 | ||
| 008 | 060101s2006||||xxu|||||s|||||000 p eng d | ||
| 040 |
_aPGUSA _beng |
||
| 042 | _adc | ||
| 050 | 4 | _aPR | |
| 245 | 1 | 0 |
_aMiscellany of Poetry : _b1919 _h[electronic resource] |
| 260 |
_bProject Gutenberg, _c2006 |
||
| 506 | _aPublic domain in the USA. | ||
| 516 | _aElectronic text | ||
| 653 | _aEnglish poetry -- 20th century | ||
| 700 | 1 |
_aSeymour, William Kean, _d1887-1975 |
|
| 830 | 0 |
_aProject Gutenberg _v9652 |
|
| 856 | 4 | 0 | _uhttp://www.gutenberg.org/ebooks/9652 |
| 942 | _cEB | ||
| 999 |
_c238908 _d238908 |
||